• 首页
  • 本馆介绍
  • 公告通知
  • 最新文献
  • 馆藏检索
  • 电子资源
  • 读者导购
  • 参考咨询
  • 我的图书馆
  • 登录
  • 详细信息显示
  • 放入我的书架
  • 预约/预借图书
  • 作者相关作品
  • 分类相关作品
  • 丛书相关作品
  • 出版社相关作品

书目信息

  • 表格格式
  • 工作单格式
  • 卡片格式
题名:
如何测试商业模式
    
 
作者: 马林斯 著 ;郭武文 , 叶颖 译
分册:  
出版信息: 北京   机械工业出版社  2017
页数: 14,260页
开本: 25cm
丛书名:
单 册:
中图分类: F272.2
科图分类:
主题词: 企业管理--qi ye guan li--商业模式--测试
电子资源:
ISBN: 978-7-111-55613-8
000 01461nam0 22003011 450
001 0115101154
005 20170415101154.0
010    @a978-7-111-55613-8@dCNY45.00
100    @a20170303d2017 em y0chiy50 ea
101 1  @achi@ceng
102    @aCN@b110000
105    @ay z 000yy
106    @ar
200 1  @a如何测试商业模式@Aru he ce shi shang ye mo shi@e创业者与管理者在启动精益创业前应该做什么@dThe new business road test@ewhat entrepreneurs and executives should do before launching a lean start-up@f(美)约翰·马林斯(John Mullins)著@g郭武文,叶颖译@zeng
210    @a北京@c机械工业出版社@d2017
215    @a14,260页@d25cm
305    @a据原书第4版译出 由Pearson Education (培生教育出版集团)授权出版
306    @a本书限中国大陆发行
330    @a本书分两大部分来阐述,第一部分(第1-10章)包含了读者必须了解的有关创业机会测试的所有内容;第二部分(第11-17章)为读者提供了进行创业机会测试的实用工具包。
510 1  @aNew business road test@ewhat entrepreneurs and executives should do before launching a lean start-up@zeng
517 1  @a创业者与管理者在启动精益创业前应该做什么@Achuang ye zhe yu guan li zhe zai qi dong jing yi chuang ye qian ying gai zuo shen me
606 0  @a企业管理@Aqi ye guan li@x商业模式@x测试
690    @aF272.2@v5
701  0 @c(美)@a马林斯@Ama lin si@c(Mullins, John)@4著
702  0 @a郭武文@Aguo wu wen@4译
702  0 @a叶颖@Aye ying@4译
801  0 @aCN@bTANGWEI@c20170308
905    @b0965183-6@dF272.2@e1374@f4
    
    如何测试商业模式:创业者与管理者在启动精益创业前应该做什么=The new business road test:what entrepreneurs and executives should do before launching a lean start-up/(美)约翰·马林斯(John Mullins)著/郭武文,叶颖译.-北京:机械工业出版社,2017
    14,260页;25cm
    
    
    ISBN 978-7-111-55613-8:CNY45.00
    本书分两大部分来阐述,第一部分(第1-10章)包含了读者必须了解的有关创业机会测试的所有内容;第二部分(第11-17章)为读者提供了进行创业机会测试的实用工具包。
●
相关链接 在E读中查询图书 在五车中查询图书 在当当中查询图书 在豆瓣中查询图书


正题名:如何测试商业模式     索取号:F272.2/1374         预约/预借

序号 登录号 条形码 馆藏地/架位号 状态 备注
1 0965183   209651839   第一样本阅览室/ [索取号:F272.2/1374] 在馆    
2 0965184   209651848   密集书库-海洋学院/ [索取号:F272.2/1374] 在馆    
3 0965185   209651857   第一借阅区/ [索取号:F272.2/1374] 在馆    
4 0965186   209651866   第一借阅区/ [索取号:F272.2/1374] 在馆    
唐山师范学院图书馆 欢迎您!
大连网信软件有限公司© 版权所有